| 000 | 00488nam a2200145Ia 4500 | ||
|---|---|---|---|
| 008 | 170221s9999 xx 000 0 und d | ||
| 100 | _aLyubov G. Savenkova | ||
| 245 | _aInnovative Directions in Children and Youth’ Art Education | ||
| 245 | _cLyubov G. Savenkova, Olga I. Radomskaya | ||
| 260 | _bInternational Review of Management and Marketing | ||
| 260 | _c2012 | ||
| 300 | _a1 : 1 | ||
| 650 | _xMarketing. | ||
| 856 | _uhttp://www.econjournals.com/index.php/irmm/issue/view/75 | ||
| 999 |
_c314010 _d314010 |
||